[Event "Hamburg-ch Seniors 22nd"]
[Site "Hamburg"]
[Date "2015.11.01"]
[Round "5"]
[White "Funke, Hermann"]
[Black "Bett, Klaus Peter"]
[Result "1-0"]
[WhiteElo "1719"]
[BlackElo "1368"]
[PlyCount "53"]
[EventDate "2015.10.28"]
[EventType "swiss"]
[EventRounds "9"]
[EventCountry "GER"]
[SourceTitle "EXT 2018"]
[Source "ChessBase"]
[SourceDate "2017.10.13"]
[SourceVersion "1"]
[SourceVersionDate "2017.10.13"]
[SourceQuality "1"]

1. e4 e5 2. Nf3 d6 3. d4 Qe7 4. d5 Nf6 5. Bd3 Nbd7 6. Nc3 a6 7. a4 g6 8. Bg5 Bg7 9. b4 b6 10. Qd2 0-0 11. Bh6 Ne8 12. Bxg7 Nxg7 13. g4 f6 14. h4 Nb8 15. Rg1 Bd7 16. b5 a5 17. h5 g5 18. h6 Ne8 19. 0-0-0 Qf7 20. Rg2 Bc8 21. Ne2 Nd7 22. Ng3 Nc5 23. Nf5 Nxa4 24. Rh1 Nc5 25. Nxg5 fxg5 26. Qxg5+ Qg6 27. Ne7+ 1-0